Stress and general depression among university sports person in respect of their gender and socio-economic status (Record no. 89479)

MARC details
000 -LEADER
fixed length control field 00388nam a2200133Ia 4500
008 - FIXED-LENGTH DATA ELEMENTS--GENERAL INFORMATION
fixed length control field 230917s9999||||xx |||||||||||||| ||und||
040 ## - CATALOGING SOURCE
-- 158125
Original cataloging agency VIVEKANANDA LIBRARY
041 ## - Language
-- English
082 ## - DDC NUMBER
Classification number 796.01 I3S
100 ## - MAIN ENTRY--PERSONAL NAME
Personal name Iswar Singh
245 #0 - TITLE STATEMENT
Title Stress and general depression among university sports person in respect of their gender and socio-economic status
300 ## - PHYSICAL DESCRIPTION
Pages 177 p.
942 ## - ADDED ENTRY ELEMENTS (KOHA)
Koha item type Thesis
Holdings
Withdrawn status Lost status Damaged status Not for loan Location (home branch) Sublocation or collection (holding branch) Date acquired Koha issues (times borrowed) Koha full call number Accession No. Koha date last seen Koha item type
        VIVEKANANDA LIBRARY VIVEKANANDA LIBRARY 17/07/2010   796.01 I3S 169942 17/09/2023 Thesis
        VIVEKANANDA LIBRARY VIVEKANANDA LIBRARY 17/07/2010   796.01 I3S 221041 17/09/2023 Thesis
© Designed and Maintained by Vivekananda Library, MDU Rohtak